000
00259nam a22001217a 4500
008
180807b xxu||||| |||| 00| 0 eng d
041
_a
eng
080
_a
004
100
_a
28
101
_a
SHK
245
_a
Microsoft Office 2007
_c
Paradigm
942
_2
udc
_c
BK
999
_c
46929
_d
46929